Score 0/20 Timer 05:00
7 Plays Today
# Non-Country % Correct
2Scotland
72%
6Wales
69%
1Greenland
64%
3England
62.5%
7Northern Ireland
55.6%
5Puerto Rico
53.1%
10Hong Kong
40.3%
15Alaska
32.6%
11Aruba
23.7%
8Western Sahara
23.1%
# Non-Country % Correct
13Falkland Islands
21%
4French Guiana
17.8%
12Cayman Islands
11.6%
9Great Britain
11.1%
18Catalonia
10.2%
16Cook Islands
9.5%
17North Cyprus
8.7%
19New Caledonia
8%
20Christmas Island
6.4%
14St. Maarten
5.6%
Remove Ads.
Support Sporcle.
Get the best of Sporcle when you Go Orange. This ad-free experience offers more features, more stats, and more fun while also helping to support Sporcle. Thank you for becoming a member.

You're not logged in!

Compare scores with friends on all Sporcle quizzes.
OR
Log In

Show Comments

Extras

Top Quizzes Today


Score Distribution

Your Account Isn't Verified!

In order to create a playlist on Sporcle, you need to verify the email address you used during registration. Go to your Sporcle Settings to finish the process.

Report this User

Report this user for behavior that violates our Community Guidelines.

Details: